ՀՀ Գիտությունների ազգային ակադեմիայի հիմնարար գիտական գրադարան  =   Fundamental Scientific Library of NAS RA

История / (Record no. 436153)

MARC details
000 -LEADER
fixed length control field 01093nam a22002411i 4500
003 - CONTROL NUMBER IDENTIFIER
control field AM-YeHGA
040 ## - CATALOGING SOURCE
Original cataloging agency AM-YeHGA
090 ## - LOCALLY ASSIGNED LC-TYPE CALL NUMBER (OCLC); LOCAL CALL NUMBER (RLIN)
-- 438814
005 - DATE AND TIME OF LATEST TRANSACTION
control field 20250618075144.0
008 - FIXED-LENGTH DATA ELEMENTS--GENERAL INFORMATION
fixed length control field 180507s1915 ru || ||0|||rus||
041 1# - LANGUAGE CODE
Language code of text/sound track or separate title rus
Language code of original gre
100 1# - MAIN ENTRY--PERSONAL NAME
Personal name Фукидид
Dates associated with a name ок. 460-400 до н. э.
245 10 - TITLE STATEMENT
Title История /
Statement of responsibility, etc. Фукидид; Пер. Ф. Мищенка в перераб., с примеч. и вступ. очерком С. Жебелева. Т. 1-2
260 ## - PUBLICATION, DISTRIBUTION, ETC.
Place of publication, distribution, etc. Москва :
Name of publisher, distributor, etc. М. и С. Сабашниковы,
Date of publication, distribution, etc. 1915.
300 ## - PHYSICAL DESCRIPTION
Extent 2 т.
Dimensions 22 см.
490 10 - SERIES STATEMENT
Series statement Памятники мировой литературы. Античные писатели
505 ## - FORMATTED CONTENTS NOTE
Miscellaneous information Т. 1:(403 с. :)
-- Т. 2 :(445 с. :)
650 14 - SUBJECT ADDED ENTRY--TOPICAL TERM
Topical term or geographic name entry element История
700 1# - ADDED ENTRY--PERSONAL NAME
Personal name Мищенко, Федор Герасимович
Dates associated with a name 1848-1906
Relator term пер.
700 ## - ADDED ENTRY--PERSONAL NAME
Personal name Жебелев, Сергей Александрович
Dates associated with a name 1867-1941
Relator term авт. предисл.
9 (RLIN) 5474
830 0# - SERIES ADDED ENTRY--UNIFORM TITLE
Uniform title Памятники мировой литературы. Античные писатели
942 ## - ADDED ENTRY ELEMENTS (KOHA)
Source of classification or shelving scheme Universal Decimal Classification
Koha item type Գրքեր / Books
Holdings
Withdrawn status Lost status Damaged status Not for loan Collection Home library Current library Date acquired Serial enumeration / chronology Total checkouts Full call number Barcode Date last seen Price effective from Koha item type Public note
        General Fundamental Scientific Library Fundamental Scientific Library 03/09/2019 Т. 1   РД II/62829 FL0597164 03/09/2019 03/09/2019 Գրքեր / Books 30 Days Loan


ՀՀ ԳԱԱ հիմնարար գիտական գրադարան
ՀՀ,Երևան 0019
Մարշալ Բաղրամյան 24/6
հեռախոս:(374-10) 52-47-50
Հետադարձ կապ

All site content, except where otherwise noted, is licensed under a
Creative Commons License